[Event "Plzen, JF A"]
[Site "?"]
[Date "1999.??.??"]
[Round "7.8"]
[White "Pirklova, H."]
[Black "Balin, J."]
[Result "1/2-1/2"]
[WhiteElo "2067"]
[BlackElo "1895"]
[PlyCount "40"]
[EventDate "1999.??.??"]
[Source "ChessBase"]
[SourceDate "1996.11.15"]

1. e4 d5 2. exd5 Nf6 3. d4 Nxd5 4. c4 Nb6 5. c5 N6d7 6. Nf3 Nf6 7. Bc4 e6 8.
O-O Be7 9. Nc3 O-O 10. a3 Nd5 11. Re1 Nxc3 12. bxc3 Nd7 13. Bb2 Nf6 14. Qc2 c6
15. Rad1 b6 16. Ne5 Qc7 17. cxb6 axb6 18. Rd3 Ba6 19. Bxa6 Rxa6 20. c4 Rfa8
1/2-1/2

[Event "Plzen, JF A"]
[Site "?"]
[Date "1999.??.??"]
[Round "7.9"]
[White "Hampek, M."]
[Black "Belan, V."]
[Result "0-1"]
[WhiteElo "1820"]
[BlackElo "1780"]
[PlyCount "42"]
[EventDate "1999.??.??"]
[Source "ChessBase"]
[SourceDate "1996.11.15"]

1. d4 d5 2. c4 e6 3. Nc3 Nf6 4. cxd5 exd5 5. Bg5 Be7 6. e3 Bf5 7. Qb3 Nbd7 8.
Nxd5 Nxd5 9. Qxd5 Bb4+ 10. Kd1 Qxg5 11. Qxb7 Rb8 12. Qxa7 O-O 13. Nf3 Bg4 14.
Rc1 Qd5 15. Be2 Bd6 16. Qa6 Rxb2 17. Nd2 Ra8 18. Qd3 Bxe2+ 19. Kxe2 Raxa2 20.
Rcd1 Bb4 21. e4 Qh5+ 0-1

[Event "Plzen, JF A"]
[Site "?"]
[Date "1999.??.??"]
[Round "7.10"]
[White "Kolar, J."]
[Black "Flaisigova, P."]
[Result "1-0"]
[WhiteElo "2029"]
[BlackElo "2006"]
[PlyCount "55"]
[EventDate "1999.??.??"]
[Source "ChessBase"]
[SourceDate "1996.11.15"]

1. e4 c5 2. Nf3 Nc6 3. Nc3 Nd4 4. Bc4 e6 5. O-O g6 6. Nxd4 cxd4 7. Ne2 Bg7 8.
d3 Ne7 9. Bg5 O-O 10. f4 d6 11. h3 Kh8 12. Qe1 Qc7 13. g4 f5 14. Qh4 Nc6 15.
exf5 exf5 16. Ng3 Bd7 17. Rae1 Rae8 18. Rxe8 Bxe8 19. Re1 d5 20. Bb3 Qd6 21.
gxf5 gxf5 22. Nxf5 Rxf5 23. Rxe8+ Rf8 24. Rxf8+ Bxf8 25. Bf6+ Bg7 26. Bxg7+
Kxg7 27. Qg5+ Qg6 28. Bxd5 1-0

[Event "Plzen, JF A"]
[Site "?"]
[Date "1999.??.??"]
[Round "7.11"]
[White "Pribyl, J."]
[Black "Hejkrlik, F."]
[Result "1-0"]
[WhiteElo "1914"]
[BlackElo "2003"]
[PlyCount "59"]
[EventDate "1999.??.??"]
[Source "ChessBase"]
[SourceDate "1996.11.15"]

1. e4 c5 2. Nf3 e6 3. d4 cxd4 4. Nxd4 Nc6 5. Nc3 Nf6 6. Nxc6 bxc6 7. e5 Nd5 8.
Ne4 Qc7 9. f4 Qb6 10. Bd3 Be7 11. Qe2 Bb7 12. c4 Bb4+ 13. Kf1 Ne7 14. a3 Bc5
15. b4 Bd4 16. c5 Qc7 17. Nd6+ Kf8 18. Rb1 Nd5 19. Qe4 Bc3 20. Bc4 a5 21. bxa5
Ba6 22. Bxa6 Rxa6 23. Rb7 Qd8 24. f5 f6 25. fxe6 dxe6 26. Rf7+ Kg8 27. Qg4 g6
28. Qxe6 Nf4 29. Bxf4 Qxd6 30. Qe8+ 1-0

[Event "Plzen, JF A"]
[Site "?"]
[Date "1999.??.??"]
[Round "7.12"]
[White "Sedlacek, J."]
[Black "Houska, J."]
[Result "1/2-1/2"]
[WhiteElo "1687"]
[BlackElo "1805"]
[PlyCount "126"]
[EventDate "1999.??.??"]
[Source "ChessBase"]
[SourceDate "1996.11.15"]

1. c4 g6 2. Nf3 Bg7 3. Nc3 d6 4. g3 e5 5. Bg2 Nc6 6. O-O Be6 7. d3 h6 8. Bd2
Nge7 9. a3 O-O 10. b4 Qd7 11. Qc1 Kh7 12. Rb1 f5 13. b5 Nd8 14. e4 f4 15. Nd5
g5 16. Ne1 Nf7 17. c5 Bxd5 18. exd5 dxc5 19. Qxc5 Rfd8 20. Qc2 Nxd5 21. d4+ Kh8
22. dxe5 Nxe5 23. Nf3 Nxf3+ 24. Bxf3 fxg3 25. fxg3 Rf8 26. Qc5 Rad8 27. Rbd1
Qe6 28. Qc4 Qb6+ 29. Kh1 c6 30. bxc6 bxc6 31. Rb1 Qc7 32. Rbc1 Nb6 33. Qc2 Nd5
34. Qc5 Qb6 35. Qxc6 Qxc6 36. Rxc6 Ne7 37. Rc2 Rd3 38. Be2 Rxf1+ 39. Bxf1 Rxa3
40. Bb4 Re3 41. Bxe7 Rxe7 42. Rc8+ Bf8 43. Rxf8+ Kg7 44. Rc8 a5 45. Ra8 Re1 46.
Kg2 Ra1 47. Ra6 g4 48. Be2 Ra2 49. Kf2 h5 50. Ke3 a4 51. Ra7+ Kh6 52. Bd3 Rxh2
53. Kf4 Rf2+ 54. Ke5 Rf3 55. Be4 Rb3 56. Rh7+ Kg5 57. Rg7+ Kh6 58. Rg6+ Kh7 59.
Rb6+ Kg7 60. Rxb3 axb3 61. Kf4 h4 62. gxh4 Kh8 63. Kxg4 Kg7 1/2-1/2

[Event "Plzen, JF A"]
[Site "?"]
[Date "1999.??.??"]
[Round "7.13"]
[White "Rerabkova, L."]
[Black "Balcar, M."]
[Result "0-1"]
[WhiteElo "1791"]
[BlackElo "1888"]
[PlyCount "90"]
[EventDate "1999.??.??"]
[Source "ChessBase"]
[SourceDate "1996.11.15"]

1. e4 c5 2. c3 Nf6 3. e5 Nd5 4. d4 cxd4 5. Nf3 Nc6 6. cxd4 d6 7. Bc4 Nb6 8. Bd3
Bg4 9. Bf4 e6 10. Be2 dxe5 11. dxe5 Qxd1+ 12. Bxd1 Bb4+ 13. Nbd2 Nc4 14. b3
Nxd2 15. Bxd2 O-O-O 16. Bxb4 Nxb4 17. O-O Bxf3 18. Bxf3 Nd3 19. Be4 Nxe5 20.
Rac1+ Kb8 21. Rfe1 Nd3 22. Bxd3 Rxd3 23. Re2 Rc8 24. Rxc8+ Kxc8 25. f3 Kd7 26.
Kf2 a5 27. Rc2 b6 28. Ke2 Rd5 29. Ke3 g6 30. h3 h5 31. Ke4 Rc5 32. Rd2+ Kc6 33.
Re2 Kb5 34. Kd3 Kb4 35. Re4+ Ka3 36. Re2 Rc1 37. Kd4 Ra1 38. Re5 Kxa2 39. Rb5
Rb1 40. Kc4 Rc1+ 41. Kd3 Rc6 42. Ke4 Ka3 43. Kf4 a4 44. bxa4 Kxa4 45. Rb2 b5
0-1

[Event "Plzen, JF A"]
[Site "?"]
[Date "1999.??.??"]
[Round "8.1"]
[White "Juptner, J."]
[Black "Blecha, M."]
[Result "1-0"]
[WhiteElo "1967"]
[BlackElo "2194"]
[PlyCount "101"]
[EventDate "1999.??.??"]
[Source "ChessBase"]
[SourceDate "1996.11.15"]

1. d4 Nf6 2. c4 g6 3. Nc3 Bg7 4. Nf3 O-O 5. g3 d6 6. Bg2 Nbd7 7. O-O e5 8. e4
c6 9. b3 exd4 10. Nxd4 Re8 11. Re1 a5 12. Rb1 Nc5 13. h3 Nfd7 14. Be3 Ne5 15.
Qc2 f5 16. exf5 Ned3 17. fxg6 Nxe1 18. gxh7+ Kf7 19. Rxe1 Bxd4 20. Bxd4 Rxe1+
21. Kh2 Re5 22. f4 Bf5 23. Qd1 Re8 24. Qh5+ Bg6 25. Qh6 Ne6 26. f5 Bxf5 27. Bf3
Qg5 28. Bh5+ Ke7 29. Qxg5+ Nxg5 30. Bxe8 Nxh7 31. Bh5 Ng5 32. h4 Ne4 33. Nxe4
Bxe4 34. g4 Bb1 35. g5 Bxa2 36. Bf6+ Kf8 37. Bd1 a4 38. bxa4 Bxc4 39. h5 Bd3
40. g6 Re8 41. Bg4 d5 42. Kg3 c5 43. Kf4 Re4+ 44. Kg5 Be2 45. Bxe2 Rxe2 46. h6
Rg2+ 47. Kf5 Rf2+ 48. Ke6 Re2+ 49. Kxd5 Rd2+ 50. Kxc5 Rc2+ 51. Kb5 1-0

[Event "Plzen, JF A"]
[Site "?"]
[Date "1999.??.??"]
[Round "8.2"]
[White "Bernasek, J."]
[Black "Kaderka, R."]
[Result "1-0"]
[WhiteElo "2080"]
[BlackElo "2160"]
[PlyCount "47"]
[EventDate "1999.??.??"]
[Source "ChessBase"]
[SourceDate "1996.11.15"]

1. d4 Nf6 2. c4 e6 3. Nf3 d5 4. g3 Be7 5. Bg2 O-O 6. O-O c6 7. Qc2 dxc4 8. Qxc4
Nbd7 9. Rd1 c5 10. dxc5 Bxc5 11. Nc3 Qe7 12. Bg5 h6 13. Bh4 Re8 14. Ne4 b6 15.
Nxf6+ gxf6 16. Qg4+ Kh8 17. Nd4 Bxd4 18. Bxa8 Bxb2 19. Rab1 Be5 20. Bc6 Rd8 21.
Qe4 Qf8 22. Rd3 Qg7 23. Rbd1 f5 24. Qa4 1-0

[Event "Plzen, JF A"]
[Site "?"]
[Date "1999.??.??"]
[Round "8.3"]
[White "Petek, P."]
[Black "Vagner, T."]
[Result "0-1"]
[WhiteElo "1898"]
[BlackElo "1858"]
[PlyCount "102"]
[EventDate "1999.??.??"]
[Source "ChessBase"]
[SourceDate "1996.11.15"]

1. c4 e5 2. Nc3 f5 3. d4 exd4 4. Qxd4 Nc6 5. Qe3+ Nce7 6. g3 Nf6 7. Bg2 c6 8.
Nf3 g6 9. Qe5 Bg7 10. Bh6 O-O 11. Bxg7 Kxg7 12. O-O-O Re8 13. Qd6 Neg8 14. Ng5
Qe7 15. Rhe1 Qxd6 16. Rxd6 h6 17. Nh3 Re7 18. Nf4 g5 19. Nh3 Ne8 20. Rdd1 Ngf6
21. f3 d6 22. Nf2 Be6 23. b3 d5 24. cxd5 Nxd5 25. Nxd5 Bxd5 26. e4 fxe4 27.
fxe4 Be6 28. Rd2 Nf6 29. Red1 Rae8 30. Rd8 Ng4 31. Nxg4 Bxg4 32. R1d6 Rxd8 33.
Rxd8 Rd7 34. Rxd7+ Bxd7 35. Kd2 Kf6 36. Ke3 Ke5 37. Bf1 c5 38. Bc4 b5 39. Bd5
a5 40. a3 Be6 41. Bc6 b4 42. axb4 axb4 43. Ba4 c4 44. bxc4 Bxc4 45. Bc6 b3 46.
Kd2 Kd4 47. Ba4 Kxe4 48. Kc3 Bd5 49. Bd7 Kf3 50. Kd4 b2 51. Bf5 Ba2 0-1

[Event "Plzen, JF A"]
[Site "?"]
[Date "1999.??.??"]
[Round "8.4"]
[White "Cedikova, K."]
[Black "Buldrova, M."]
[Result "1/2-1/2"]
[WhiteElo "2150"]
[BlackElo "2129"]
[PlyCount "38"]
[EventDate "1999.??.??"]
[Source "ChessBase"]
[SourceDate "1996.11.15"]

1. d4 d5 2. c4 c6 3. Nf3 e6 4. Nc3 f5 5. g3 Nf6 6. Bg2 Bd6 7. O-O O-O 8. Bf4
Bxf4 9. gxf4 Nbd7 10. e3 Ne4 11. Ne2 Qe7 12. Qc2 Kh8 13. Nc1 Rg8 14. Nd3 g5 15.
fxg5 Nxg5 16. Kh1 Nf6 17. Nxg5 Rxg5 18. f4 Rg7 19. Ne5 Bd7 1/2-1/2

[Event "Plzen, JF A"]
[Site "?"]
[Date "1999.??.??"]
[Round "8.5"]
[White "Soukup, J."]
[Black "Decka, E."]
[Result "0-1"]
[WhiteElo "2084"]
[BlackElo "2083"]
[PlyCount "94"]
[EventDate "1999.??.??"]
[Source "ChessBase"]
[SourceDate "1996.11.15"]

1. e4 c5 2. Nc3 e6 3. g3 Ne7 4. Bg2 Nbc6 5. Nge2 d5 6. exd5 Nxd5 7. O-O Nf6 8.
d3 Be7 9. Be3 Ng4 10. Nf4 Nxe3 11. fxe3 O-O 12. Qe2 Bf6 13. Nh5 Be5 14. Ne4 Qe7
15. c3 f5 16. Nd2 g6 17. Nf4 Bg7 18. d4 Kh8 19. Nd3 e5 20. d5 Nd8 21. Nc4 e4
22. Nf4 b5 23. Nd2 Rb8 24. Rfd1 Nf7 25. Nb3 Rd8 26. Rd2 Ne5 27. Rad1 g5 28. d6
Qf7 29. Nh3 g4 30. Nf4 c4 31. Na5 Rb6 32. a4 a6 33. h3 h5 34. Rd5 Nd3 35. b3
Bxc3 36. bxc4 Bxa5 37. c5 Nxf4 38. exf4 Rc6 39. Qb2+ Qg7 40. Qxg7+ Kxg7 41.
axb5 axb5 42. Bf1 Bb4 43. Rc1 Be6 44. Re5 Rdxd6 45. hxg4 Rd5 46. gxf5 Rxe5 47.
fxe5 Bxf5 0-1

[Event "Plzen, JF A"]
[Site "?"]
[Date "1999.??.??"]
[Round "8.6"]
[White "Belan, V."]
[Black "Balin, J."]
[Result "0-1"]
[WhiteElo "1780"]
[BlackElo "1895"]
[PlyCount "76"]
[EventDate "1999.??.??"]
[Source "ChessBase"]
[SourceDate "1996.11.15"]

1. c4 e6 2. Nc3 d5 3. cxd5 exd5 4. Nf3 Nf6 5. d3 Be7 6. g3 O-O 7. Bg2 c6 8. O-O
Re8 9. Rb1 Nbd7 10. b4 a6 11. a4 Nf8 12. Qc2 Ne6 13. d4 Qb6 14. Rd1 Bd7 15. b5
axb5 16. axb5 cxb5 17. Qb3 Ra5 18. e3 Bc6 19. Ne5 Nc7 20. Bb2 Rea8 21. Nd3 b4
22. Ra1 Rxa1 23. Rxa1 Rxa1+ 24. Bxa1 Qa6 25. Na2 Ba4 26. Qb1 b3 27. Nc3 Ba3 28.
Nxa4 Qxa4 29. Nc1 Bxc1 30. Qxc1 Qc4 31. Bb2 b5 32. Bf1 Qxc1 33. Bxc1 Ne4 34.
Bd3 Nd6 35. Kf1 Nc4 36. Bxc4 bxc4 37. Ke2 Nb5 38. e4 c3 0-1

[Event "Plzen, JF A"]
[Site "?"]
[Date "1999.??.??"]
[Round "8.7"]
[White "Balin, K."]
[Black "Pirklova, H."]
[Result "1/2-1/2"]
[WhiteElo "1958"]
[BlackElo "2067"]
[PlyCount "47"]
[EventDate "1999.??.??"]
[Source "ChessBase"]
[SourceDate "1996.11.15"]

1. d4 Nf6 2. c4 g6 3. Nc3 Bg7 4. e4 d6 5. Nf3 O-O 6. Be2 Nc6 7. d5 Ne5 8. Nxe5
dxe5 9. O-O e6 10. Bg5 h6 11. Be3 exd5 12. cxd5 Ne8 13. Qd2 Kh7 14. Rac1 Nd6
15. Bc5 Bd7 16. Bxd6 cxd6 17. Nb5 Bxb5 18. Bxb5 f5 19. Bd3 f4 20. f3 Qb6+ 21.
Kh1 Rac8 22. Rc3 Rxc3 23. Qxc3 Rf7 24. Rc1 1/2-1/2

[Event "Plzen, JF A"]
[Site "?"]
[Date "1999.??.??"]
[Round "8.8"]
[White "Hodova, L."]
[Black "Kolar, J."]
[Result "1-0"]
[WhiteElo "1852"]
[BlackElo "2029"]
[PlyCount "80"]
[EventDate "1999.??.??"]
[Source "ChessBase"]
[SourceDate "1996.11.15"]

1. e4 b6 2. d4 Bb7 3. f3 e6 4. Be3 d5 5. Nd2 dxe4 6. fxe4 Nf6 7. Bd3 Nbd7 8.
Ne2 Ng4 9. Bf4 g5 10. h3 gxf4 11. hxg4 Qg5 12. c3 Qxg4 13. Qa4 f3 14. gxf3 Qg5
15. O-O-O c6 16. f4 Qd8 17. e5 b5 18. Qc2 Qa5 19. Rxh7 Rxh7 20. Bxh7 Qxa2 21.
f5 Qa1+ 22. Qb1 Qxb1+ 23. Kxb1 exf5 24. Bxf5 Nb6 25. Ng3 Nd5 26. Re1 Bc8 27.
Nde4 Bxf5 28. Nxf5 Kd7 29. Nfd6 Bxd6 30. Nxd6 f6 31. Nb7 fxe5 32. Rxe5 Kc7 33.
Nc5 Kb6 34. Rg5 Rc8 35. Rg7 Rc7 36. Rg8 Ka5 37. b4+ Nxb4 38. cxb4+ Kxb4 39.
Na6+ Kc4 40. Nxc7 Kxd4 1-0

[Event "Plzen, JF A"]
[Site "?"]
[Date "1999.??.??"]
[Round "8.9"]
[White "Konigova, P."]
[Black "Herskovic, R."]
[Result "1-0"]
[WhiteElo "2061"]
[BlackElo "1944"]
[PlyCount "71"]
[EventDate "1999.??.??"]
[Source "ChessBase"]
[SourceDate "1996.11.15"]

1. e4 Nf6 2. e5 Nd5 3. d4 d6 4. Nf3 Bg4 5. Be2 e6 6. O-O Be7 7. h3 Bh5 8. c4
Nb6 9. Nc3 O-O 10. Be3 d5 11. c5 Bxf3 12. gxf3 Nc8 13. f4 Nc6 14. b4 a6 15. Rb1
f5 16. a4 Kh8 17. Kh2 a5 18. b5 Nb4 19. Rg1 g5 20. Qd2 gxf4 21. Bxf4 Rg8 22.
Bh6 Bf8 23. Bh5 Ne7 24. Bf7 Rg6 25. Bxg6 Nxg6 26. Bg5 Be7 27. Ne2 Bxg5 28. Rxg5
Qf8 29. Rbg1 Qh6 30. Nf4 Nh4 31. R5g3 Re8 32. Kh1 Qf8 33. Qe2 Qh6 34. Rg5 Rd8
35. Qe3 Nc2 36. Qg3 1-0

[Event "Plzen, JF A"]
[Site "?"]
[Date "1999.??.??"]
[Round "8.10"]
[White "Balcar, M."]
[Black "Pribyl, J."]
[Result "1-0"]
[WhiteElo "1888"]
[BlackElo "1914"]
[PlyCount "101"]
[EventDate "1999.??.??"]
[Source "ChessBase"]
[SourceDate "1996.11.15"]

1. e4 e5 2. Nf3 Nc6 3. Bb5 a6 4. Ba4 Nf6 5. O-O Be7 6. Re1 b5 7. Bb3 O-O 8. h3
d6 9. c3 Nb8 10. d4 Nbd7 11. Nbd2 Bb7 12. Bc2 Re8 13. Nf1 Bf8 14. Ng3 g6 15. a4
Bg7 16. d5 Nb6 17. axb5 axb5 18. Rxa8 Nxa8 19. b3 c6 20. c4 bxc4 21. bxc4 c5
22. Ba4 Rf8 23. Qb3 Bc8 24. Bd2 Bd7 25. Rb1 Bxa4 26. Qxa4 Qd7 27. Qb3 Ne8 28.
Ne1 f5 29. f3 Nf6 30. Nc2 h5 31. exf5 gxf5 32. f4 Ne4 33. Nxe4 fxe4 34. fxe5
Bxe5 35. Rf1 Rxf1+ 36. Kxf1 Qf7+ 37. Kg1 Nc7 38. Qe3 Ne8 39. Qxe4 Qb7 40. Ne1
Bd4+ 41. Be3 Bxe3+ 42. Qxe3 Ng7 43. Nf3 Qb1+ 44. Kh2 Qf5 45. Qh6 Qf8 46. Nh4
Qe7 47. Nf3 Kf8 48. Qf4+ Ke8 49. Ng5 Kd8 50. Ne4 Kc7 51. Nxc5 1-0

[Event "Plzen, JF A"]
[Site "?"]
[Date "1999.??.??"]
[Round "8.11"]
[White "Houska, J."]
[Black "Flaisigova, P."]
[Result "1/2-1/2"]
[WhiteElo "1805"]
[BlackElo "2006"]
[PlyCount "80"]
[EventDate "1999.??.??"]
[Source "ChessBase"]
[SourceDate "1996.11.15"]

1. d4 f5 2. Nf3 Nf6 3. g3 g6 4. Bg2 Bg7 5. O-O O-O 6. c4 d6 7. Nc3 Qe8 8. Re1
e5 9. e4 Nc6 10. dxe5 dxe5 11. exf5 Bxf5 12. Nxe5 Nxe5 13. Bf4 Rd8 14. Qb3 Nfd7
15. Bxe5 Nxe5 16. f4 Bh3 17. fxe5 Bxg2 18. Kxg2 Rd2+ 19. Re2 Qc6+ 20. Kg1 Qc5+
21. Kh1 Rxe2 22. Nxe2 Qxe5 23. Qd3 Qxb2 24. Rb1 Qf6 25. Qd5+ Kh8 26. Qxb7 Qe6
27. Nf4 Qxc4 28. Qd5 Qc2 29. Rb7 Qf2 30. Qg2 Qe1+ 31. Qg1 Qe5 32. h4 Bh6 33.
Qxa7 Bxf4 34. gxf4 Qxf4 35. Rb8 Qxh4+ 36. Kg2 Qg4+ 37. Kh2 Qf4+ 38. Kg2 c6 39.
Rxf8+ Qxf8 40. Qd4+ Qg7 1/2-1/2

[Event "Plzen, JF A"]
[Site "?"]
[Date "1999.??.??"]
[Round "8.12"]
[White "Hejkrlik, F."]
[Black "Sedlacek, J."]
[Result "1-0"]
[WhiteElo "2003"]
[BlackElo "1687"]
[PlyCount "85"]
[EventDate "1999.??.??"]
[Source "ChessBase"]
[SourceDate "1996.11.15"]

1. e4 c5 2. Nc3 Nc6 3. g3 Nf6 4. Bg2 d6 5. d3 e5 6. Nf3 Be6 7. h3 h6 8. Be3 Be7
9. Qd2 a6 10. a4 d5 11. exd5 Nxd5 12. O-O Nxe3 13. Qxe3 Qc7 14. Rfe1 Nd4 15.
Rac1 Nxf3+ 16. Qxf3 O-O 17. Qxb7 Qxb7 18. Bxb7 Rab8 19. Bxa6 Rxb2 20. Rxe5 Bd6
21. Re2 Bxh3 22. Ne4 Be7 23. Bc4 Rb4 24. Ra1 Ra8 25. a5 Rbb8 26. c3 Kf8 27.
Rea2 f5 28. Nd2 Bf6 29. Ra3 Rb2 30. R1a2 Rxa2 31. Bxa2 g5 32. f3 h5 33. a6 Ra7
34. Kh2 g4 35. Bc4 h4 36. f4 hxg3+ 37. Kxg3 Rh7 38. a7 Bh4+ 39. Kh2 Re7 40.
a8=Q+ Re8 41. Qxe8+ Kxe8 42. Ra7 Be7 43. Kg3 1-0

[Event "Plzen, JF A"]
[Site "?"]
[Date "1999.??.??"]
[Round "8.13"]
[White "Hampek, M."]
[Black "Rerabkova, L."]
[Result "0-1"]
[WhiteElo "1820"]
[BlackElo "1791"]
[PlyCount "78"]
[EventDate "1999.??.??"]
[Source "ChessBase"]
[SourceDate "1996.11.15"]

1. d4 Nf6 2. c4 g6 3. Nc3 Bg7 4. e4 d6 5. Nf3 O-O 6. Be2 e5 7. O-O Nc6 8. d5
Ne7 9. Ne1 Nd7 10. Be3 f5 11. f3 f4 12. Bf2 g5 13. b4 Nf6 14. c5 a6 15. Rc1 Qe8
16. Na4 Bd7 17. Nb2 Rc8 18. Nc4 dxc5 19. bxc5 Ng6 20. Qb3 g4 21. Qxb7 g3 22.
hxg3 fxg3 23. Bxg3 Nh5 24. Bh2 Ngf4 25. Qb2 Qg6 26. g4 Nh3+ 27. Kh1 N5f4 28.
Nd3 Qh6 29. Nxf4 Nxf4 30. Rf2 Nxe2 31. Rxe2 Rxf3 32. Rg1 Rcf8 33. Qd2 Qh3 34.
Reg2 R8f4 35. d6 cxd6 36. cxd6 Rd3 37. Qb2 Bb5 38. Nxe5 Rxe4 39. Re2 Bxe5 0-1

[Event "Plzen, JF A"]
[Site "?"]
[Date "1999.??.??"]
[Round "9.1"]
[White "Cedikova, K."]
[Black "Bernasek, J."]
[Result "1-0"]
[WhiteElo "2150"]
[BlackElo "2080"]
[PlyCount "69"]
[EventDate "1999.??.??"]
[Source "ChessBase"]
[SourceDate "1996.11.15"]

1. d4 Nf6 2. c4 g6 3. Nc3 d5 4. cxd5 Nxd5 5. e4 Nxc3 6. bxc3 Bg7 7. Bc4 c5 8.
Ne2 O-O 9. O-O Nc6 10. Be3 Qc7 11. Rc1 Rd8 12. d5 Na5 13. Bb3 c4 14. Bc2 e6 15.
f4 exd5 16. exd5 f5 17. g4 Qe7 18. Bd4 Rxd5 19. gxf5 Bxf5 20. Bxf5 gxf5 21. Ng3
Bxd4+ 22. cxd4 Qe3+ 23. Kh1 Qxd4 24. Qh5 Qf6 25. Rce1 Qc6 26. Rg1 Rd7+ 27. Ne4+
Kh8 28. Qxf5 Re8 29. Qf6+ Qxf6 30. Nxf6 Rxe1 31. Rxe1 Rc7 32. Rg1 Rc8 33. Ne4
c3 34. Nd6 Rd8 35. Nf7# 1-0

[Event "Plzen, JF A"]
[Site "?"]
[Date "1999.??.??"]
[Round "9.2"]
[White "Decka, E."]
[Black "Vagner, T."]
[Result "1-0"]
[WhiteElo "2083"]
[BlackElo "1858"]
[PlyCount "41"]
[EventDate "1999.??.??"]
[Source "ChessBase"]
[SourceDate "1996.11.15"]

1. e4 Nc6 2. Nc3 e5 3. Bc4 Nf6 4. d3 Be7 5. f4 d6 6. Nf3 Bg4 7. h3 Bxf3 8. Qxf3
Nd4 9. Qf2 Nh5 10. Bxf7+ Kxf7 11. fxe5+ Ke8 12. Qxd4 Bh4+ 13. Kd1 Rf8 14. exd6
cxd6 15. Nb5 Ng3 16. Nxd6+ Ke7 17. Qe5+ Kd7 18. Nxb7 Qb6 19. Nc5+ Qxc5 20. Qxc5
Nxh1 21. Bf4 1-0

[Event "Plzen, JF A"]
[Site "?"]
[Date "1999.??.??"]
[Round "9.3"]
[White "Buldrova, M."]
[Black "Juptner, J."]
[Result "0-1"]
[WhiteElo "2129"]
[BlackElo "1967"]
[PlyCount "108"]
[EventDate "1999.??.??"]
[Source "ChessBase"]
[SourceDate "1996.11.15"]

1. e4 c5 2. Nf3 d6 3. d4 cxd4 4. Nxd4 Nf6 5. Nc3 a6 6. Be3 e6 7. Be2 Be7 8. O-O
Nc6 9. a4 Qc7 10. f4 O-O 11. Kh1 Re8 12. Bf3 Rb8 13. g4 Nxd4 14. Bxd4 e5 15.
Be3 exf4 16. Bxf4 Be6 17. Nd5 Bxd5 18. exd5 Nd7 19. c3 Bf6 20. Qc2 Be5 21. Bg5
Qc4 22. Qf5 Nc5 23. b4 g6 24. Qxf7+ Kxf7 25. Be2+ Kg7 26. Bxc4 Ne4 27. Bf4 Bxc3
28. Rab1 Be5 29. b5 a5 30. Bb3 b6 31. Be3 Re7 32. Rbc1 Bb2 33. Rc2 Ba3 34. Bd4+
Kg8 35. Kg2 Bc5 36. Bf6 Rf7 37. Bh4 Rxf1 38. Kxf1 Rf8+ 39. Kg2 Rf4 40. h3 h5
41. Bg3 Nxg3 42. Kxg3 Rb4 43. Rc3 Bd4 44. Rf3 Bc3 45. Kh4 Kg7 46. Kg5 Re4 47.
gxh5 Bf6+ 48. Rxf6 Re5+ 49. Kg4 gxh5+ 50. Kf4 Kxf6 51. Bc4 Re1 52. Bd3 Ra1 53.
Bc2 Rc1 54. Bd3 Rc3 0-1

[Event "Plzen, JF A"]
[Site "?"]
[Date "1999.??.??"]
[Round "9.4"]
[White "Blecha, M."]
[Black "Petek, P."]
[Result "0-1"]
[WhiteElo "2194"]
[BlackElo "1898"]
[PlyCount "58"]
[EventDate "1999.??.??"]
[Source "ChessBase"]
[SourceDate "1996.11.15"]

1. e4 e5 2. f4 exf4 3. Nf3 g5 4. Bc4 g4 5. Ne5 Qh4+ 6. Kf1 Nc6 7. Nxf7 d5 8.
exd5 Kxf7 9. dxc6+ Kg7 10. Qe2 Nf6 11. d4 Bd6 12. Qe1 g3 13. Nd2 Bg4 14. Nb3 f3
15. Qe3 fxg2+ 16. Kxg2 Bh3+ 17. Kg1 g2 18. Bd2 gxh1=Q+ 19. Kxh1 Qe4+ 20. Qxe4
Nxe4 21. Rg1+ Kf6 22. Re1 Rae8 23. Be3 bxc6 24. Bd3 Rhg8 25. c4 Bf4 26. Bxe4
Rxe4 27. Bf2 Rxe1+ 28. Bxe1 Be3 29. Bg3 Rf8 0-1

[Event "Plzen, JF A"]
[Site "?"]
[Date "1999.??.??"]
[Round "9.5"]
[White "Balin, J."]
[Black "Hodova, L."]
[Result "1/2-1/2"]
[WhiteElo "1895"]
[BlackElo "1852"]
[PlyCount "45"]
[EventDate "1999.??.??"]
[Source "ChessBase"]
[SourceDate "1996.11.15"]

1. d4 d5 2. g3 Nf6 3. Bg2 e6 4. Nf3 c5 5. c4 Nc6 6. cxd5 exd5 7. O-O Be7 8. Nc3
O-O 9. Bg5 cxd4 10. Nxd4 h6 11. Bf4 Be6 12. Ncb5 Qd7 13. Nc7 Rac8 14. Ncxe6
fxe6 15. Bh3 Nxd4 16. Qxd4 a6 17. Rac1 Bd6 18. Rxc8 Rxc8 19. Rc1 Bxf4 20. Rxc8+
Qxc8 21. Qxf4 Kf7 22. Bg2 Qc2 23. Qb4 1/2-1/2

[Event "Plzen, JF A"]
[Site "?"]
[Date "1999.??.??"]
[Round "9.6"]
[White "Kaderka, R."]
[Black "Soukup, J."]
[Result "1/2-1/2"]
[WhiteElo "2160"]
[BlackElo "2084"]
[PlyCount "39"]
[EventDate "1999.??.??"]
[Source "ChessBase"]
[SourceDate "1996.11.15"]

1. c4 e5 2. Nc3 Nf6 3. g3 d5 4. cxd5 Nxd5 5. Bg2 Be6 6. Nf3 Nc6 7. O-O Nb6 8.
d3 Be7 9. Be3 f5 10. Nd2 O-O 11. f4 Nd5 12. Nxd5 Bxd5 13. Bxd5+ Qxd5 14. Qb3
Qxb3 15. Nxb3 exf4 16. Bxf4 Rac8 17. Rac1 Bd6 18. Nc5 Nd4 19. Kf2 b6 20. Bxd6
1/2-1/2

[Event "Plzen, JF A"]
[Site "?"]
[Date "1999.??.??"]
[Round "9.7"]
[White "Pirklova, H."]
[Black "Konigova, P."]
[Result "1/2-1/2"]
[WhiteElo "2067"]
[BlackElo "2061"]
[PlyCount "30"]
[EventDate "1999.??.??"]
[Source "ChessBase"]
[SourceDate "1996.11.15"]

1. e4 c5 2. Nf3 d6 3. d4 cxd4 4. Nxd4 Nf6 5. Nc3 g6 6. Be2 Bg7 7. Be3 O-O 8.
O-O Nc6 9. Nb3 a6 10. a4 Be6 11. f4 Na5 12. Nxa5 Qxa5 13. Bf3 Qb4 14. Qd4 Qa5
15. Qd1 Qb4 1/2-1/2

[Event "Plzen, JF A"]
[Site "?"]
[Date "1999.??.??"]
[Round "9.8"]
[White "Balin, K."]
[Black "Belan, V."]
[Result "1-0"]
[WhiteElo "1958"]
[BlackElo "1780"]
[PlyCount "49"]
[EventDate "1999.??.??"]
[Source "ChessBase"]
[SourceDate "1996.11.15"]

1. d4 d5 2. c4 e6 3. Nc3 Nf6 4. Bg5 Be7 5. e3 h6 6. Bh4 Nbd7 7. Nf3 O-O 8. Rc1
c6 9. Bd3 b6 10. cxd5 cxd5 11. O-O a6 12. a4 Bb7 13. Qe2 a5 14. Nb5 Rc8 15. Bg3
Ne4 16. Bc7 Qe8 17. Bxe4 dxe4 18. Ne5 Nxe5 19. dxe5 Bc5 20. Nd6 Qd7 21. Nxc8
Qxc7 22. Nd6 Bd5 23. Qg4 Qc6 24. Rfd1 Rd8 25. Nxe4 1-0

[Event "Plzen, JF A"]
[Site "?"]
[Date "1999.??.??"]
[Round "9.9"]
[White "Kolar, J."]
[Black "Hejkrlik, F."]
[Result "1/2-1/2"]
[WhiteElo "2029"]
[BlackElo "2003"]
[PlyCount "25"]
[EventDate "1999.??.??"]
[Source "ChessBase"]
[SourceDate "1996.11.15"]

1. d4 d5 2. c4 e6 3. Nc3 Nf6 4. cxd5 exd5 5. Bg5 c6 6. e3 Bd6 7. Bd3 Nbd7 8.
Nf3 O-O 9. O-O Re8 10. Qc2 Nf8 11. Rab1 Ng6 12. b4 Bc7 13. b5 1/2-1/2

[Event "Plzen, JF A"]
[Site "?"]
[Date "1999.??.??"]
[Round "9.10"]
[White "Flaisigova, P."]
[Black "Balcar, M."]
[Result "1-0"]
[WhiteElo "2006"]
[BlackElo "1888"]
[PlyCount "69"]
[EventDate "1999.??.??"]
[Source "ChessBase"]
[SourceDate "1996.11.15"]

1. e4 c5 2. Nf3 d6 3. d4 cxd4 4. Nxd4 Nf6 5. Nc3 g6 6. Be3 Bg7 7. f3 O-O 8. Qd2
Nc6 9. g4 Bd7 10. O-O-O Qa5 11. Kb1 Rfc8 12. h4 h5 13. gxh5 Nxh5 14. Rg1 Ne5
15. Bh6 Bf6 16. Bg5 Nc4 17. Bxc4 Rxc4 18. Bxf6 Nxf6 19. Rg5 Qb6 20. h5 Kg7 21.
hxg6 Rh8 22. gxf7+ Kf8 23. b3 Rh7 24. f4 Rxc3 25. Qxc3 Nxe4 26. Rg8+ Kxf7 27.
Qc4+ e6 28. Rg2 Qa5 29. Kb2 d5 30. Qd3 b5 31. Re2 Nf6 32. f5 exf5 33. Nxf5 Rh5
34. Nd6+ Kf8 35. Qg6 1-0